Every Script In Unicode - Statistics

General Stats
  • This quiz has been taken 57 times
  • The average score is 33 of 168
Answer Stats
# of Characters Sample Answer % Correct
508 Добрый вечер Cyrillic
94%
518 Η Αταλάντη είναι μυθολογικό πρόσωπο Greek
94%
1,373 بِسْمِ ٱللَّٰهِ ٱلرَّحْمَٰنِ ٱلرَّحِيمِ Arabic
88%
1,487 Ek man jötna ár um borna, þá er forðum mik fœdda höfðu Latin
88%
134 די קאַץ אדער קאָטער Hebrew
84%
99,030 青海的草原,一眼看不完 Han
78%
86 และไทย นอกจากนี้ราชพฤกษ์ยังเป็นดอกไม้และต้นไม้ประจำชาติของประเทศไทย Thai
78%
96 ծիրանափող Armenian
75%
96 ভারত ভাগ্য বিধাতা Bengali
69%
164 कर्मण्येवाधिकारस्ते मा फलेषु कदाचन Devanagari
69%
243 လူတိုင်းသည် တူညီ လွတ်လပ်သော ဂုဏ်သိက္ခာဖြင့် လည်းကောင်း၊ Myanmar / Burmese
69%
123 பிறந்தநாள் வாழ்த்துக்கள் Tamil
69%
256 ⠠⠓⠑⠇⠇⠕ ⠟⠥⠊⠵ ⠞⠁⠅⠑⠗ Braille
66%
173 ႠႱႭႫႧႠႥႰႳႪႨ ⴌⴓⴑⴞⴓⴐⴈ მხედრული Georgian
66%
83 ຍັກກູມພັນແລະສູມຸນທາ Lao
66%
86 ᛖᚲ ᛗᚨᚾ ᛁᚢᛟᛏᚾᚨ ᛃᚱ ᚢᛗ ᛒᛟᚱᚾᚨ, ᚦᛃ ᛖᚱ ᚠᛟᚱᚦᚢᛗ ᛗᛁᚲ ᚠᛟᛞᛞᚨ ᚺᛟᚠᚦᚢ Runic
66%
207 ང་ཁྱོད་དང་མཇལ་དེ་སེམས་དགའ་ཨི་། Tibetan
66%
523 ነዊሕ ኮይኑ ካብ ዘይንረአአ Ge'ez
63%
11,739 진보적사상은 사회력사발전에서 중요한 역할을 합니다 Hangul
63%
381 ありがとうございます Hiragana
63%
321 ファイナルファンタジー Katakana
63%
118 കേരള മീൻ മുളക് കറി Malayalam
63%
111 මනොපුබ්‌බඞ්‌ගමා ධම්‌මා, මනොසෙට්‌ඨා මනොමයා Sinhala
63%
100 తెలుగు అనేది ద్రావిడనుడి కుటుంబానికి చెందిన నుడి Telugu
63%
172 ᏏᏉᏯ, ᎤᎾᏅᏛ ᏥᏄᏍᏗ ᏣᏥ ᎢᏰᎵᏍᏗ, ᎠᏓᏩᏛᎯᏙᎯ ᎠᎴ ᎠᎴᏂᏙᎲ. Cherokee
59%
91 વાસ્તવિક રીતે આત્મકથા લખવાનો પ્રયાસ કરવાનો મારો હેતુ નથી. Gujarati
59%
91 ಕುಱುತಂತು ಪೆಱರ ಬಗೆಯಂ ತೆರೆದಿರೆ ಪೆರರ್ಗರೆಪಲಾರ್ಪವಂ ಮಾತರೆವಂ. Kannada
59%
88 ܛܘܼܒܲܝܗܘܿܢ ܠܐܲܝܠܹܝܢ ܕܲܕ݂ܟܹܝܢ ܒܠܸܒ̇ܗܘܿܢ܄ ܕܗܸܢ݂ܘܿܢ ܢܸܚܙܘܿܢ ܠܐܲܠܵܗܵܐ Syriac
59%
91 ଫୁଲ ଓ ପତର-ଔଷଧୀ ଆହାର ଭରି ବଞ୍ଚେ Odia
56%
146 ខ្ញុំ​ស្រលាញ់អូន Khmer
53%
59 ⵉⵎⴷⴰⵏⴻⵏ, ⴰⴽⴽⴻⵏ ⵎⴰ ⵍⵍⴰⵏ ⵜⵜⵍⴰⵍⴻⵏ ⴷ ⵉⵍⴻⵍⵍⵉⵢⴻⵏ ⵎⵙⴰⵡⴰⵏ ⴷⵉ ⵍⵃⵡⴻⵕⵎⴰ ⴷ ⵢⵉⵣⴻⵔⴼⴰⵏ-ⵖⵓⵔ ⵙⴻⵏ ⵜⴰⵎⵙⴰⴽⵡⵉⵜ ⴷ ⵍⴰⵇⵓⴻⵍ ⵓ ⵢⴻⵙⵙⴻⴼⴽ ⴰⴷ-ⵜⵉⵍⵉ ⵜⴻⴳⵎⴰⵜⵜ ⴳⴰⵔ ⴰⵙⴻⵏ. Tifinagh
53%
5,105 Egyptian
50%
168 Mongolian
50%
50 އިނށަ އަލލަހ ތި ބަލި ރަންގަޅު ވާނޮ ކަމަހ Thaana
50%
90 ꦱꦼꦫꦠ꧀ꦏꦠꦸꦫꦁꦒꦤ꧀ꦏꦸꦕꦶꦁ Javanese
47%
137 ⲕⲁⲓ ⲅⲁⲣ ⲁⲛⲟⲕ ϩⲱ ⲁⲗⲏⲑⲱⲥ Coptic
44%
27 𐌰𐍄𐍄𐌰 𐌿𐌽𐍃𐌰𐍂, 𐌸𐌿 𐌹𐌽 𐌷𐌹𐌼𐌹𐌽𐌰𐌼, 𐍅𐌴𐌹𐌷𐌽𐌰𐌹 𐌽𐌰𐌼𐍉 𐌸𐌴𐌹𐌽, 𐌵𐌹𐌼𐌰𐌹 𐌸𐌹𐌿𐌳𐌹𐌽𐌰𐍃𐍃𐌿𐍃 𐌸𐌴𐌹𐌽𐍃, 𐍅𐌰𐌹𐍂𐌸𐌰𐌹 𐍅𐌹𐌻𐌾𐌰 𐌸𐌴𐌹𐌽𐍃, 𐍃𐍅𐌴 𐌹𐌽 𐌷𐌹𐌼𐌹𐌽𐌰 𐌾𐌰𐌷 𐌰𐌽𐌰 𐌰𐌹𐍂𐌸𐌰𐌹. Gothic
44%
80 ੴ ਸਤਿ ਨਾਮੁ ਕਰਤਾ ਪੁਰਖੁ ਨਿਰਭਉ ਨਿਰਵੈਰੁ ਅਕਾਲ ਮੂਰਤਿ ਅਜੂਨੀ ਸੈਭੰ ਗੁਰ ਪ੍ਰਸਾਦਿ Gurmukhi
44%
62 ߜ߭ߊߣߊ߬ ߊ߬ ߝߐߢߊ߫ ߘߐߥߛߊ߬ߣߍ߲ ߦߋ߫ ߜ߭ߊߣߊ߬ ߞߊ߲ߓߍ߲ ߠߋ߬ ߘߌ߫߸ ߊ߬ ߦߋ߫ ߞߊ߬ߝߏ ߟߋ߬ ߘߌ߫ ߡߍ߲ ߘߐߝߎߟߋ߲ߣߍ߲߫ ߦߋ߫ ߖߌ߬ߣߍ߬ ߖߌߘߏ߮ ߝߍ߬ ߊ߬ ߣߌ߫ ߟߌ߲ߓߊ߲߫ ߡߊ߲ߞߊ߲ ߝߍ߬߸ ߊߝߙߌߞߌ߬ N'Ko
44%
726 ᒥᓯᐌ ᐃᓂᓂᐤ ᑎᐯᓂᒥᑎᓱᐎᓂᐠ ᐁᔑ ᓂᑕᐎᑭᐟᓀᐢᑕ ᐯᔭᑾᐣ ᑭᒋ ᐃᔑ ᑲᓇᐗᐸᒥᑯᐎᓯᐟ ᑭᐢᑌᓂᒥᑎᓱᐎᓂᐠᓀᐢᑕ ᒥᓂᑯᐎᓯᐎᓇ᙮ Unified Canadian Aboriginal Syllabics
41%
77 ㄅㄆㄇㄈ Bopomofo
38%
29 ᚛ᚉᚒᚅᚐᚂᚓᚌᚔ ᚐᚃᚔ ᚊᚒᚅᚐᚉᚐᚅᚑᚄ᚜ Ogham
38%
1,220 ꀊꅰꃅꀋꂄꈓ,ꈾꌋꆀꀦꇴꆹꉾ,ꍯ、ꑸꑽꆹꀋꉾ。 Yi
38%
1,234 𒁹𒀭𒋾𒀪𒆪𒊻𒈗𒃲𒌑 𒈗𒆗𒉡𒈗𒎗𒈗𒂊𒆠𒈗𒆳𒆳 𒍝𒉌𒅔𒂍𒊕𒅍𒅇𒂍𒍣𒁕 Cuneiform
31%
48 ᱱᱤᱭᱟᱹ ᱣᱤᱠᱤᱯᱤᱰᱤᱭᱟ ᱫᱚ ᱥᱟᱱᱛᱟᱲᱤ ᱛᱮ ᱚᱞ ᱟᱠᱟᱱᱟ᱾ ᱚᱨᱦᱚᱸ ᱮᱴᱟᱜ ᱯᱟᱹᱨᱥᱤᱛᱮ ᱦᱚᱸ ᱟᱭᱢᱟ ᱣᱤᱠᱤᱯᱤᱰᱤᱭᱟ ᱢᱮᱱᱟᱜ-ᱟ᱾ ᱱᱚᱸᱰᱮ ᱠᱤᱪᱷᱩ ᱛᱟᱹᱞᱠᱟᱹ ᱮᱢ ᱦᱩᱭᱱᱟ᱾ Ol Chiki
31%
30 ᨊᨀᨑᨙᨕᨗᨄᨙᨄᨙᨅᨒᨉᨈᨚᨀ Buginese
28%
134 ⰰⰿⱏ ⱂⱃⱁⱄⰹⰿⱏ ⱅⱔ Glagolitic
28%
39 𐌀𐌁𐌂𐌃𐌄𐌅𐌆𐌇𐌈𐌉𐌊𐌋𐌌𐌍𐌎𐌏𐌐𐌑𐌒𐌓𐌔𐌕𐌖𐌗𐌘𐌙 Old Italic
28%
72 Sundanese
25%
73 𐰖𐰆𐱃𐰕𐰃𐰤: 𐰦𐰀: 𐰞𐱃𐰢: 𐰚𐰃: 𐰠𐱅𐰋𐰼𐰠𐰏: 𐰉𐰆𐰑𐰣: Old Turkic
22%
40 𐒍𐒖𐒇𐒂𐒖 𐒋𐒘𐒈𐒑𐒛𐒒𐒕𐒖 𐒍𐒖𐒇 𐒘𐒝𐒈𐒑𐒛𐒘 Osmanya
22%
35 ᥙᥨᥝᥰ ᥑᥭ ᥑᥫᥰ ᥞᥥᥖᥱ ᥑᥨᥝᥰ ᥔᥨᥢᥴ ᥛᥣᥰ,ᥛᥥ ᥐᥨᥝᥱ ᥒᥪᥒᥰ ᥐᥩᥳ ᥐᥥᥐ ᥖᥥᥳ ᥖᥥᥳ. Tai Le
22%
127 Balinese
19%
80 𐐐𐐶𐐯𐑌 𐑄 𐐺𐑊𐐩𐑆𐐮𐑍 𐑅𐐲𐑌 𐐮𐑆 𐑅𐐯𐐻, 𐐈𐑌𐐼 𐑄 𐑀𐑉𐐪𐑅 𐐶𐐮𐑄 𐐼𐐮𐐭 𐐮𐑆 𐐶𐐯𐐻, 𐐜𐐯𐑌 𐐷𐐭 𐑇𐐬 𐐷𐐭𐑉 𐑊𐐮𐐻𐑊 𐑊𐐴𐐻 Deseret
19%
49 ꓦ ꓡꓱ ꓐꓳˍꓟ ꓪꓽ ꓘꓴ ꓘꓶꓽ Lisu / Fraser
19%
56 ꡖꡟꡃ ꡚꡦ ꡗꡃ ꡚꡞ ꡏꡟ ꡈꡓ ʼPhags-pa
19%
29 𐤕𐤇𐤕𐤎𐤐 𐤟 𐤇𐤈𐤓 𐤟 𐤌𐤔𐤐𐤈𐤄 𐤟‎𐤕𐤄𐤕𐤐𐤊 𐤟 𐤊𐤎𐤀 𐤟 𐤌𐤋𐤊𐤄 𐤟‎𐤅𐤍𐤇𐤕 𐤟 𐤕𐤁𐤓𐤇 𐤟 𐤏𐤋 𐤟 𐤂𐤁𐤋 𐤟‎ Phoenician
19%
50 Hanifi Rohingya
16%
83 ᦷᦣᧂ ᦚᦱᧅ ᦠᦻ ᦷᦡᧂᧈ ᦷᦅᧉ New Tai Lue
16%
300 ꕉꕜꕮ ꔔꘋ ꖸ ꔰ ꗋꘋ ꕮꕨ ꔔꘋ ꖸ ꕎ ꕉꖸꕊ ꕴꖃ ꕃꔤꘂ ꗱ, ꕉꖷ ꗪꗡ ꔻꔤ ꗏꗒꗡ ꕎ ꗪ ꕉꖸꕊ ꖏꕎ. Vai
16%
88 𞤀𞤤𞤳𞤵𞤤𞤫 𞤁𞤢𞤲𞤣𞤢𞤴𞤯𞤫 𞤂𞤫𞤻𞤮𞤤 𞤃𞤵𞤤𞤵𞤺𞤮𞤤 ADLaM
13%
79 ꯀꯣꯛ ꯁꯝ ꯂꯥꯏ ꯃꯌꯦꯛ Meetei Mayek
13%
56 Batak
9%
26 Old Uyghur
9%
48 𐑖𐑱𐑝𐑾𐑯 𐑨𐑤𐑓𐑩𐑚𐑧𐑑 Shavian
9%
83 Soyombo
9%
72 Zanabazar's square script
9%
61 Avestan
6%
115 𑀤𑁂𑀯𑀸𑀦𑀁𑀧𑀺𑀬𑁂𑀦 𑀧𑀺𑀬𑀤𑀲𑀺𑀦 𑀮𑀸𑀚𑀺𑀦𑀯𑀻𑀲𑀢𑀺𑀯𑀲𑀸𑀪𑀺𑀲𑀺𑀢𑁂𑀦 𑀅𑀢𑀦𑀆𑀕𑀸𑀘 𑀫𑀳𑀻𑀬𑀺𑀢𑁂 𑀳𑀺𑀤𑀩𑀼𑀥𑁂𑀚𑀸𑀢 𑀲𑀓𑁆𑀬𑀫𑀼𑀦𑀺𑀢𑀺 Brahmi
6%
23 Tagalog / Baybayin
6%
69 Garay
6%
31 𐡋𐡌𐡓𐡀𐡍 𐡐𐡓𐡉𐡃𐡓 Imperial Aramaic
6%
472 Khitan small script
6%
74 Lepcha
6%
27 𐤠𐤨𐤯𐤦𐤫 𐤫𐤵𐤲𐤦𐤳 𐤲𐤤𐤩𐤷𐤨 𐤱𐤶𐤫𐤳𐤷𐤦𐤱𐤦𐤣 𐤱𐤠𐤨𐤪𐤷 𐤠𐤭𐤯𐤦𐤪𐤰𐤮 𐤦𐤡𐤮𐤦𐤪𐤳𐤦𐤳 𐤠𐤭𐤯𐤦𐤪𐤰𐤨 𐤨𐤰𐤩𐤰𐤪𐤳𐤦𐤳 𐤠𐤠𐤭𐤠𐤷 𐤡𐤦𐤭𐤠𐤷𐤨 𐤨𐤷𐤦𐤣𐤠𐤷 𐤨𐤬𐤱𐤰𐤷𐤨 𐤲𐤦𐤭𐤠𐤷 𐤲𐤤𐤩𐤷𐤨 𐤡𐤦𐤩𐤷 𐤥𐤹𐤡𐤠𐤲𐤶𐤫𐤯 Lydian
6%
90 𐦥𐦣𐦯 𐦠𐦧𐦡𐦷𐦡𐦨𐦲 𐦯𐦢𐦧𐦡𐦯𐦢𐦤𐦡 𐦠𐦴𐦫𐦢 Meroitic Cursive
6%
397 Nǚshū
6%
108 Old Hungarian
6%
44 Ol Onal
6%
72 𐓈𐒰̋𐓈𐒰͘ 𐓓𐒰́𐓓𐒻 𐒰𐓇𐒵𐒻́͘𐒷 𐒼𐒰𐓍𐓂͘ 𐒹𐓂́𐓏𐒲𐒼𐒻𐒹𐒰 𐓍𐒰𐓌𐒻́𐒷? Osage
6%
61 Samaritan
6%
6,914 Tangut
6%
583 Anatolian Hieroglyphs
3%
32 Ancient North Arabian
3%
657 Bamum
3%
36 Bassa Vah
3%
20 Buhid
3%
53 Caucasian Albanian
3%
71 𑄡𑄨𑄠𑄚𑄧𑄖𑄳𑄠𑄬 𑄥𑄧𑄘𑄧𑄥𑄳𑄠𑄧 𑄎𑄖𑄴𑄅𑄚𑄴 𑄎𑄖𑄨𑄥𑄧𑄁𑄊𑄧𑄢𑄴 𑄥𑄧𑄚𑄧𑄘𑄬 𑄃𑄢𑄁 𑄟𑄚𑄬𑄭𑄠𑄮𑄢𑄴 𑄃𑄇𑄴𑄇𑄥𑄁 Chakma
3%
83 Cham
3%
55 𐠒𐠂 𐠀𐠯 𐠰𐠀𐠣𐠎𐠦 𐠰𐠮 𐠀𐠢𐠭𐠂 𐠼𐠂 𐠭𐠂𐠞𐠪𐠐𐠵𐠩 𐠭𐠂𐠔𐠏𐠛𐠅 Cypriot
3%
72 Dhives Akuru
3%
60 Dogra
3%
143 Duployan
3%
40 Elbasan
3%
23 Elymaic
3%
26 Hatran
3%
87 Kawi
3%
47 Kayah Li
3%
68 Limbu
3%
341 Linear A
3%
211 𐀗𐀛𐄁𐀀𐀸𐀆𐄁𐀳𐀀𐄁𐀟𐀩𐀷𐀆𐀃𐀍𐄁𐀀𐀑𐀩𐀺𐄁𐀃𐀫𐀕𐀙𐄁𐁀𐀘𐀹𐀊𐄁𐀀𐀏𐀺𐄁𐀀𐀑𐀊𐄁𐀁𐀳𐀐𐄁𐀡𐀩𐀷𐀆𐄁𐀂𐀠𐀴𐀗𐄁𐀢𐀱𐀏𐄁𐀀𐀹𐀅𐄁𐀡𐀫𐀊𐀟𐀮 Linear B
3%
29 𐊁𐊑𐊏𐊚𐊓𐊆𐊜𐊁𐊅𐊀𐊕𐊀𐊁𐊋𐊀𐊗 𐊀𐊕𐊑𐊏𐊀𐊖𐊁𐊗𐊍𐊀𐊇𐊀𐊖𐊁𐊓 𐊖𐊁𐊜𐊀𐊅𐊀𐊇𐊙𐊗𐊆𐊎𐊁𐊑𐊏𐊀 Lycian
3%
25 Makasar
3%
29 Mandaic
3%
51 Manichaean
3%
32 Meroitic Hieroglyphs
3%
40 Nabataean
3%
50 𐎧𐏁𐎠𐎹𐎰𐎡𐎹 Old Persian
3%
32 𐩲𐩣𐩱𐩣𐩧 𐩨𐩬 𐩣𐩲𐩵𐩫𐩧𐩨 𐩠𐩤 𐩬𐩺 𐩱𐩡𐩣𐩤𐩠 𐩧 𐩪𐩠𐩣𐩥 𐩨𐩲 𐩩𐩹 𐩨𐩥 𐩠𐩤𐩣𐩡𐩱 𐩨𐩥 𐩧𐩩𐩻 Old South Arabian
3%
127 Pahawh Hmong
3%
32 Palmyrene
3%
57 Pau Cin Hau
3%
149 Pollard / Miao
3%
37 Rejang
3%
92 Siddhaṃ
3%
672 SignWriting
3%
42 Sogdian
3%
45 Syloti Nagri
3%
127 Tai Tham / Lanna
3%
68 Takri
3%
31 Toto
3%
80 Tulu-Tigalari
3%
31 𐎗𐎁 𐎋𐎅𐎐𐎎 Ugaritic
3%
70 Vithkuqi
3%
59 Wancho
3%
47 Yezidi
3%
65 Ahom
0%
97 Bhaiksuki
0%
49 𐊨𐊣𐊠𐊦𐊹𐊸 𐊷𐊹𐋃𐊹𐊷𐊲𐊰 𐊣𐊿𐊰𐊹𐊼𐊥𐊠𐊭𐊠𐊰 Carian
0%
28 Chorasmian
0%
99 Cypro-Minoan
0%
85 Grantha
0%
63 Gunjala Gondi
0%
58 Gurung Khema
0%
21 Hanunó'o
0%
27 𐭅𐭕𐭀𐭅𐭍𐭉𐭆𐭍𐭄𐭋𐭉 𐭒𐭉𐭃𐭉𐭆𐭍 𐭀𐭋𐭇𐭀 𐭔𐭇𐭉𐭐𐭅𐭇𐭓 𐭌𐭋𐭓𐭉𐭍𐭌𐭋𐭀 𐭀𐭓𐭉𐭀𐭍𐭅 𐭀𐭍𐭀𐭓𐭉𐭀𐭍𐭌𐭍𐭅𐭔𐭉𐭇𐭓 𐭌𐭍 𐭉𐭀𐭆𐭕𐭍𐭏𐭓𐭉 𐭌𐭉𐭃𐭉𐭆𐭍𐭀𐭋𐭇𐭀 𐭀𐭓𐭕𐭇𐭔𐭕𐭂 𐭌𐭋𐭓𐭉𐭍𐭌𐭋𐭓𐭀 Inscriptional Pahlavi
0%
30 𐭀𐭓𐭔𐭊 𐭀𐭎𐭅𐭓𐭎𐭕𐭍 𐭂𐭓𐭌𐭀𐭍𐭉𐭀 𐭇𐭔𐭕𐭓 Inscriptional Parthian
0%
68 Kaithi
0%
68 𐨪𐨗𐨟𐨁𐨪𐨗𐨯𐨨𐨆𐨀𐨯𐨤𐨂𐨟𐨯𐨕𐨪𐨿𐨟𐨅𐨨𐨁𐨡𐨆𐨪𐨯 Kharoshthi
0%
65 Khojki
0%
69 Khudabadi
0%
58 Kirat Rai
0%
39 Mahajani
0%
68 Marchen
0%
75 Masaram Gondi
0%
91 Medefaidrin
0%
213 Mende Kikakui
0%
79 Moḍī
0%
43 Mru / Mro
0%
38 Multani
0%
42 Nag Mundari
0%
65 Nandinagari
0%
71 Nyiakeng Puachue Hmong
0%
43 Old Permic
0%
40 Old Sogdian
0%
97 Pracalit
0%
29 Psalter Pahlavi
0%
82 Saurashtra
0%
96 Sharada / Śāradā
0%
35 𑃢𑃛𑃝𑃖𑃗𑃑𑃢𑃙 𑃟𑃤𑃑𑃥𑃗𑃢𑃙 𑃝𑃤𑃢𑃗𑃢𑃙 𑃔𑃦 𑃦𑃝𑃔𑃢𑃝𑃙 𑃕𑃢𑃒𑃔𑃣𑃘𑃣𑃑𑃢𑃙 Sora Sompeng
0%
44 Sunuwar
0%
18 Tagbanwa
0%
72 Tai Viet
0%
89 Tangsa
0%
82 Tirhuta
0%
52 Todhri
0%
84 Warang Citi
0%
No matching quizzes found
Score Distribution
Percent of People with Each Score
Percentile by Number Answered
Your Score History
You have not taken this quiz